Leo's gift / (Record no. 232572)
[ view plain ]
| 000 -LEADER | |
|---|---|
| fixed length control field | 01989nam a2200397Ii 4500 |
| 001 - CONTROL NUMBER | |
| control field | 1006507260 |
| 003 - CONTROL NUMBER IDENTIFIER | |
| control field | OCoLC |
| 005 - DATE AND TIME OF LATEST TRANSACTION | |
| control field | 20180501134548.0 |
| 008 - FIXED-LENGTH DATA ELEMENTS--GENERAL INFORMATION | |
| fixed length control field | 171017s2017 ilua j 000 1 eng d |
| 010 ## - LIBRARY OF CONGRESS CONTROL NUMBER | |
| LC control number | 2017946212 |
| 020 ## - INTERNATIONAL STANDARD BOOK NUMBER | |
| International Standard Book Number | 9780829446005 |
| 020 ## - INTERNATIONAL STANDARD BOOK NUMBER | |
| International Standard Book Number | 0829446001 |
| 035 ## - SYSTEM CONTROL NUMBER | |
| System control number | (OCoLC)1006507260 |
| 040 ## - CATALOGING SOURCE | |
| Original cataloging agency | CCPLG |
| Description conventions | rda |
| Transcribing agency | CCPLG |
| 092 ## - LOCALLY ASSIGNED DEWEY CALL NUMBER (OCLC) | |
| Classification number | easy |
| 099 #9 - LOCAL FREE-TEXT CALL NUMBER (OCLC) | |
| Filing suffix | E |
| Classification number | FICTION |
| 100 1# - MAIN ENTRY--PERSONAL NAME | |
| Personal name | Blackaby, Susan, |
| Relator term | author. |
| 9 (RLIN) | 5744967 |
| 245 10 - TITLE STATEMENT | |
| Title | Leo's gift / |
| Statement of responsibility, etc | by Susan Blackaby and Joellyn Cicciarelli ; illustrated by Carrie Schuler. |
| 264 #1 - Production, Publication, Distribution, Manufacture, and Copyright Notice. | |
| Place of production, publication, distribution, manufacture | Chicago, Ill. : |
| Name of producer, publisher, distributor, manufacturer | Loyala Press, |
| Date of production, publication, distribution, manufacture, or copyr | [2017] |
| 264 #4 - Production, Publication, Distribution, Manufacture, and Copyright Notice. | |
| Date of production, publication, distribution, manufacture, or copyr | ©2017. |
| 300 ## - PHYSICAL DESCRIPTION | |
| Extent | 1 volume (unpaged) : |
| Other physical details | color illustrations ; |
| Dimensions | 31 cm. |
| 336 ## - Content Type | |
| Content type term | text |
| 337 ## - Media type | |
| Media type term | unmediated |
| 338 ## - Carrier type | |
| Carrier type term | volume |
| 520 ## - SUMMARY, ETC. | |
| Summary, etc | "Meet Leo--a creative, shy, young boy in search of a special talent that he can share with the world. Curious and persistent, Leo tries all kinds of activities. Then, with the unknowing help of his sister, he discovers music. Leo may seem quiet, but the piano gives him a big voice, helps his confidence soar, and propels him to embrace the treasure inside him and share it with the world. Beautifully illustrated and filled with heart and hope, Leo's Gift is a perfect story for parents, children, and siblings to read together. Leo will inspire kids everywhere to explore their passions, believe in themselves, and learn that not all gifts come wrapped in a box." -- ONIX annotation. |
| 650 #0 - SUBJECT ADDED ENTRY--TOPICAL TERM | |
| Topical term or geographic name as entry element | Piano |
| General subdivision | Performance |
| Form subdivision | Juvenile fiction. |
| 9 (RLIN) | 5744968 |
| 650 #0 - SUBJECT ADDED ENTRY--TOPICAL TERM | |
| Topical term or geographic name as entry element | Musical ability |
| Form subdivision | Juvenile fiction. |
| 9 (RLIN) | 5691308 |
| 650 #0 - SUBJECT ADDED ENTRY--TOPICAL TERM | |
| Topical term or geographic name as entry element | Ability |
| Form subdivision | Juvenile fiction. |
| 9 (RLIN) | 5673890 |
| 650 #1 - SUBJECT ADDED ENTRY--TOPICAL TERM | |
| Topical term or geographic name as entry element | Piano |
| Form subdivision | Fiction. |
| 9 (RLIN) | 5704227 |
| 650 #1 - SUBJECT ADDED ENTRY--TOPICAL TERM | |
| Topical term or geographic name as entry element | Musical ability |
| Form subdivision | Fiction. |
| 9 (RLIN) | 5744969 |
| 650 #1 - SUBJECT ADDED ENTRY--TOPICAL TERM | |
| Topical term or geographic name as entry element | Ability |
| Form subdivision | Fiction. |
| 9 (RLIN) | 5673895 |
| 700 1# - ADDED ENTRY--PERSONAL NAME | |
| Personal name | Cicciarelli, Joellyn Thrall, |
| Relator term | author. |
| 9 (RLIN) | 5744970 |
| 700 1# - ADDED ENTRY--PERSONAL NAME | |
| Personal name | Schuler, Carrie, |
| Relator term | illustrator. |
| 9 (RLIN) | 5744971 |
| 907 ## - LOCAL DATA ELEMENT G, LDG (RLIN) | |
| a | .b386416953 |
| 942 ## - ADDED ENTRY ELEMENTS (KOHA) | |
| Source of classification or shelving scheme | Dewey Decimal Classification |
| Koha item type | BOOK |
| Withdrawn status | Lost status | Source of classification or shelving scheme | Damaged status | Not for loan | Collection code | Home library | Current library | Shelving location | Date acquired | Source of acquisition | Cost, normal purchase price | Total Checkouts | Total Renewals | Full call number | Barcode | Checked out | Date last seen | Date checked out | Cost, replacement price | Price effective from | Koha item type |
|---|---|---|---|---|---|---|---|---|---|---|---|---|---|---|---|---|---|---|---|---|---|
| Dewey Decimal Classification | Children Holiday Books | Wasatch County Library | Wasatch County Library | Main Floor Childrens Area | 06/08/2018 | 19.95 | 23 | 13 | E Christmas Blackaby | 34301001729336 | 04/15/2026 | 02/17/2026 | 02/17/2026 | 19.95 | 03/20/2020 | BOOK |
